000 00478nam a2200145 i 4500
001 41860
003 ES-MaACL
007 t|
008 030312s1945 ag ||||1| spa d
100 1 _aCasartelli, Manuel A.
_936182
245 1 3 _aEl caballero de la rosa
_b: (comedia en 3 actos) /
_c[Manuel A. Casartelli].
260 _a[Córdoba (Argentina) :
_bs.n.,
_c1945] (
_fTalls. Gráf. de Suc. Alfredo M. Pereyra)
300 _a121 p. ;
_c23 cm.
852 _aES-MaACL
_jE-1751
_bR.22150
999 _c41860
_d41860